<?xml version="1.0" encoding="UTF-8"?>
<record
    xmlns:xsi="http://www.w3.org/2001/XMLSchema-instance"
    xsi:schemaLocation="http://www.loc.gov/MARC21/slim http://www.loc.gov/standards/marcxml/schema/MARC21slim.xsd"
    xmlns="http://www.loc.gov/MARC21/slim">

  <leader>00858nam a2200217 i 4500</leader>
  <controlfield tag="001">17695</controlfield>
  <controlfield tag="003">ES-MaACL</controlfield>
  <controlfield tag="005">20240116184748.0</controlfield>
  <controlfield tag="007">t|</controlfield>
  <controlfield tag="008">010504s1996    sp           ||||1| spa d</controlfield>
  <datafield tag="080" ind1=" " ind2=" ">
    <subfield code="a">929 Jovellanos, Gaspar Melchor de</subfield>
  </datafield>
  <datafield tag="100" ind1="1" ind2=" ">
    <subfield code="a">Palacios, Jos&#xE9; Mar&#xED;a.</subfield>
    <subfield code="9">88405</subfield>
  </datafield>
  <datafield tag="245" ind1="1" ind2="3">
    <subfield code="a">La vida de Jovellanos al alcance de los muchachos / </subfield>
    <subfield code="c">compuesta por el profesor gijon&#xE9;s Don Jos&#xE9; Mar&#xED;a Palacios.</subfield>
  </datafield>
  <datafield tag="260" ind1=" " ind2=" ">
    <subfield code="a">Gij&#xF3;n : </subfield>
    <subfield code="b">Ateneo Jovellanos, </subfield>
    <subfield code="c">1996.</subfield>
  </datafield>
  <datafield tag="300" ind1=" " ind2=" ">
    <subfield code="a">35 p. ; </subfield>
    <subfield code="c">21 cm.</subfield>
  </datafield>
  <datafield tag="534" ind1=" " ind2=" ">
    <subfield code="p">Reproducci&#xF3;n facsimil de la ed. de: </subfield>
    <subfield code="c">-- Gij&#xF3;n : Establecimiento Tipogr&#xE1;fico Palacio, Gonz&#xE1;lez y Compa&#xF1;&#xED;a, 1917.</subfield>
  </datafield>
  <datafield tag="600" ind1="1" ind2="4">
    <subfield code="a">Jovellanos, Gaspar Melchor de,</subfield>
    <subfield code="d">1744-1811-</subfield>
    <subfield code="x">Biograf&#xED;as</subfield>
    <subfield code="9">67053</subfield>
  </datafield>
  <datafield tag="710" ind1="2" ind2=" ">
    <subfield code="a">Ateneo Jovellanos (Gij&#xF3;n)</subfield>
    <subfield code="9">2045</subfield>
  </datafield>
  <datafield tag="852" ind1=" " ind2=" ">
    <subfield code="a">ES-MaACL</subfield>
    <subfield code="j">2163-F-24 </subfield>
    <subfield code="b">R.125531</subfield>
  </datafield>
  <datafield tag="999" ind1=" " ind2=" ">
    <subfield code="c">17695</subfield>
    <subfield code="d">17695</subfield>
  </datafield>
  <datafield tag="952" ind1=" " ind2=" ">
    <subfield code="0">0</subfield>
    <subfield code="1">0</subfield>
    <subfield code="4">0</subfield>
    <subfield code="7">0</subfield>
    <subfield code="8">Colecci&#xF3;n_de_folletos</subfield>
    <subfield code="a">ATENEOM</subfield>
    <subfield code="b">ATENEOM</subfield>
    <subfield code="c">DEPOF</subfield>
    <subfield code="d">2008-01-17</subfield>
    <subfield code="e">SC</subfield>
    <subfield code="l">0</subfield>
    <subfield code="o">2163-F-24</subfield>
    <subfield code="p">1018051</subfield>
    <subfield code="r">2023-02-23 00:00:00</subfield>
    <subfield code="w">2023-02-23</subfield>
    <subfield code="y">FOLLETOS</subfield>
  </datafield>
</record>
